000 01060nam0a22002651 4500
001 rc\2775830
005 20250806204743.0
035 _a(NLR Aleph) 006902120
090 _a30288
_c30288
100 _a20110915d1941 u y0rusy50 ca
101 0 _arus
102 _aRU
105 _ay z |||||
200 1 _aКассы взаимопомощи в артелях кооперации инвалидов
_fН. Комарова, С. Поверенный
_gВсерос. союз касс взаимного страхования и взаимопомощи кооп-ции инвалидов
210 _aМосква
_aЛенинград
_cКОИЗ
_d1941
_eМосква
215 _a32 с., без обл.
_d21 см.
700 1 _aКомарова
_bН.В.
_gНадежда Владимировна
701 1 _aПоверенный
_bС.
801 0 _aRU
_bNLR
_gpsbo
801 1 _aRU
_bELAR
_2rusmarc
852 _aNLR
_jЭк80 Г-4/11
942 _cBOOK
945 _aРоссийская национальная библиотека
980 _aNB
980 _aBV